[Event "SWE-chT 0405"]
[Site "Sweden"]
[Date "2004.??.??"]
[Round "4"]
[White "Jaderberg, Bjorn"]
[Black "Hahlin, Lars Ove"]
[Result "1-0"]
[WhiteElo "2275"]
[BlackElo "2126"]
[PlyCount "71"]
[EventDate "2004.11.05"]
[EventType "team"]
[EventRounds "11"]
[EventCountry "SWE"]
[SourceTitle "EXT 2006"]
[Source "ChessBase"]
[SourceDate "2005.11.24"]
[SourceVersion "1"]
[SourceVersionDate "2005.11.24"]
[SourceQuality "1"]
[WhiteTeam "Farsta"]
[BlackTeam "Passanten"]
[WhiteTeamCountry "SWE"]
[BlackTeamCountry "SWE"]

1. c4 Nf6 2. Nc3 g6 3. g3 Bg7 4. Bg2 d6 5. d4 0-0 6. Nf3 Nbd7 7. 0-0 e5 8. e3 Qe7 9. b3 Rd8 10. Ba3 c5 11. Qc2 e4 12. Ng5 cxd4 13. exd4 e3 14. Nb5 Ng4 15. Nxf7 exf2+ 16. Rxf2 Ndf6 17. Nxd8 Qxd8 18. Re2 a6 19. Nxd6 Qa5 20. Bc5 Bh6 21. Rae1 Bd7 22. h3 b6 23. Nb7 Qxe1+ 24. Rxe1 Ne3 25. Rxe3 Bxe3+ 26. Kh2 bxc5 27. Nxc5 Bf5 28. Qc3 Re8 29. b4 Bf2 30. Qb2 Be1 31. g4 Bxg4 32. hxg4 Nxg4+ 33. Kh1 Bg3 34. Bd5+ Kh8 35. Ne6 Re7 36. Bf3 1-0